000 00794nam a2200241Ia 4500
003 OSt
005 20220923221903.0
006 a|||||r|||| 00| 0
007 ta
008 220922b |||||||| |||| 00| 0 per d
024 _a200,841
037 _cTextual
040 _aARTS
_cARTS
_bper
041 _2per
_aper
082 _aO164,3N41x, 152M7
100 _aहवेवाला, सब्र
_9156275
245 0 _aफारसी की चुनी हुई कहानियॅंा
246 _aFārasī kī chunī huī kahāniyaॅanā
260 _aदिल्ली
_b अंकुर प्रकाशन
_c1987
300 _a100पृ0
_ccm.
942 _hO164,3N41x, 152M7
_cTEXL
_2CC
999 _c352504
_d352504